000 00436nam a2200181Ia 4500
001 684
005 20260306140536.0
008 260306t2003||||xx |||||||||||||| ||spa||
041 _aESP
082 _a129.23
_bR96
100 _aRussell, Bertrand
_eAUT
245 0 _aInvestigación sobre el significado y la verdad
260 _c2003
300 _a412 pƔginas :
_c21cm.
650 _aGEN
654 _aCHU
942 _cLIB
_dJUS
_fJUS
_2ddc
_n
999 _c684
_d684